| 000 | 00616nam a2200217 a 4500 | ||
|---|---|---|---|
| 001 | 1125 | ||
| 003 | BR-CuiBMT | ||
| 005 | 20231129184951.0 | ||
| 008 | 231129s2010 mtb 000 0 por d | ||
| 020 | _a9788579920103 | ||
| 040 |
_aBR-CuiBMT _cBR-CuiBMT |
||
| 080 |
_22007 _a338.1 _x(817.2) |
||
| 090 |
_a338.1(817.2) _bL864m |
||
| 100 | 1 | _aLopes, Vivaldo | |
| 245 |
_aMato Grosso, território de oportunidades / _cVivaldo Lopes. |
||
| 260 |
_a Cuiabá : _bEntrelinhas, _c2010. |
||
| 300 |
_a167 p.: _c21 cm |
||
| 650 |
_aMato Grosso _xCondições econômicas |
||
| 650 |
_aEconomia _zMato Grosso |
||
| 942 |
_2udc _cLV |
||
| 999 |
_c1125 _d1125 |
||